000 00688cam a2200241 4500
001 J3164
008 090401t xxu||||| |||| 00| 0 eng d
035 _a(Sirsi) u53483
041 _aeng
050 _a347.4104016
110 _aRating and Valuation Reporter
_9145
245 _aLands Tribunal and other courts (rating cases) index to Rating & Valuation Reporter.
260 _c1973-78
300 _a1v.(loose-leaf) ; 30cm.
350 _a0
520 _aCovers the period 1951-1977 and includes the journal Rating Appeals.
650 _aINDICES
650 _aLANDS TRIBUNAL
650 _aRATING APPEALS
690 _aRATING AND VALUATION
942 _n0
948 _c04/03/1997
999 _c93277
_d93277